000 00363nam a2200145Ia 4500
008 230711s9999||||xx |||||||||||||| ||und||
041 _aENG
082 _a677
_bJA-S
100 _aJagannathan,R
245 0 _aSpinners pocket book
250 _a1st Ed.
260 _c1996
_aNew Delhi
_bTextile Committee Govt of India
650 _aTextile Engineering
942 _cBK
999 _c3629
_d3629